| 000 | 00986nam0a22002531 4500 | ||
|---|---|---|---|
| 001 | rc\2746928 | ||
| 005 | 20260406211049.0 | ||
| 035 | _a(NLR Aleph) 006873976 | ||
| 090 |
_a6977295 _c6977295 |
||
| 100 | _a20110915d1939 |||y0rusy50 ca | ||
| 101 | 0 | _arus | |
| 102 | _aRU | ||
| 105 | _ay z ||||| | ||
| 200 | 1 |
_aИнструкция по взиманию, учету и отчетности по членским взносам членов Добровольного спортивного общества "Медик" _fЦС ДСО "Медик" |
|
| 210 |
_aМосква _c2-я тип. Профиздата _d1939 |
||
| 215 |
_a8 с. _d15 см. |
||
| 300 | _aБез тит. л. и обл. | ||
| 710 | 0 | 2 |
_a"Медик", всесоюзное спортивное общество _bЦентральный совет _3RU\NLR\AUTH\889968082 _9432530 |
| 801 | 0 |
_aRU _bNLR _gpsbo |
|
| 801 | 1 |
_aRU _bELAR _2rusmarc |
|
| 852 |
_aNLR _j39-9/2138 |
||
| 942 | _cBOOK | ||
| 980 | _aNB | ||